| 000 -CABECERA |
| campo de control de longitud fija |
00882nam a22002057a 4500 |
| 003 - IDENTIFICADOR DEL NÚMERO DE CONTROL |
| campo de control |
OSt |
| 005 - FECHA Y HORA DE LA ÚLTIMA TRANSACCIÓN |
| campo de control |
20230726184758.0 |
| 008 - DATOS DE LONGITUD FIJA--INFORMACIÓN GENERAL |
| campo de control de longitud fija |
230726b ||||| |||| 00| 0 spa d |
| 020 ## - NÚMERO INTERNACIONAL ESTÁNDAR DEL LIBRO |
| Número Internacional Estándar del Libro |
9789583029783 |
| 040 ## - FUENTE DE LA CATALOGACIÓN |
| Centro/agencia transcriptor |
CO-MqBPB |
| 082 ## - NÚMERO DE LA CLASIFICACIÓN DECIMAL DEWEY |
| Número de clasificación |
N |
| Número de documento/Ítem |
BLAc |
| 100 ## - ENTRADA PRINCIPAL--NOMBRE DE PERSONA |
| Nombre de persona |
Blanck,Ulf |
| Fechas asociadas al nombre |
1962- |
| 245 ## - MENCIÓN DE TÍTULO |
| Título |
Los cazafantasmas / |
| Mención de responsabilidad, etc. |
Ulf Blanck ; traducción Felipe Sarmiento Espinosa ; ilustraciones Fernando Cortés. |
| 260 ## - PUBLICACIÓN, DISTRIBUCIÓN, ETC. |
| Lugar de publicación, distribución, etc. |
Bogotá : |
| Nombre del editor, distribuidor, etc. |
Panamericana, |
| Fecha de publicación, distribución, etc. |
2009 |
| 300 ## - DESCRIPCIÓN FÍSICA |
| Extensión |
94 páginas ; |
| Otras características físicas |
Tapa Dura, |
| Dimensiones |
22 cm. |
| 500 ## - NOTA GENERAL |
| Nota general |
¿Por qué todos huyen despavoridos de la mansión de la señora Almond? ¿Será posible que esté embrujada? Justus, Peter y Bob deciden comenzar la investigación y para ello deberán pasar la noche en la casona, junto a sus misteriosos habitantes. |
| 650 ## - PUNTO DE ACCESO ADICIONAL DE MATERIA--TÉRMINO DE MATERIA |
| Término de materia o nombre geográfico como elemento de entrada |
Novela Infantil |
| Subdivisión general |
Novela alemana |
| 650 ## - PUNTO DE ACCESO ADICIONAL DE MATERIA--TÉRMINO DE MATERIA |
| Término de materia o nombre geográfico como elemento de entrada |
Novela policíaca |
| Subdivisión general |
aventuras |
| 942 ## - ELEMENTOS DE PUNTO DE ACCESO ADICIONAL (KOHA) |
| Fuente del sistema de clasificación o colocación |
|
| Tipo de ítem Koha |
Libro Literatura |